Phases finales de l'Euro 2020. - Statistiques

Statistiques générales
  • Ce quiz a été pris 707 fois
  • Le résultat moyen est 14 sur 16
Statistiques - réponses
Réponse % Correct
France
100%
Suisse
99%
Angleterre
99%
Espagne
99%
Italie
99%
Portugal
96%
Allemagne
92%
Belgique
91%
Croatie
86%
Danemark
86%
Pays-Bas
83%
Suède
80%
Autriche
77%
Ukraine
73%
Tchéquie
68%
Pays de Galles
60%
Aucun quiz correspondant
Distribution des résultats
% des personnes avec chaque résultat
Percentile par nombre de réponses
Votre historique - résultats
Vous n’avez pas pris ce quiz